La semántica
Gardado en:
| Autor Principal: | |
|---|---|
| Formato: | Libro |
| Idioma: | Lingua castelá |
| Publicado: |
Ciudad de México
Fondo de Cultura Económica
2004
|
| Edición: | 1a. ed |
| Series: | Breviarios del Fondo de Cultura Económica, 543
|
| Subjects: | |
| Tags: |
Engadir etiqueta
Sen Etiquetas, Sexa o primeiro en etiquetar este rexistro!
|
MARC
| LEADER | 00000nam a2200000 a 4500 | ||
|---|---|---|---|
| 001 | UCK5654 | ||
| 003 | CL-VaPUC | ||
| 008 | 050805e20040000MX |||||||||||||||||spa|d | ||
| 020 | |a 9681673107 | ||
| 082 | 0 | 4 | |a 401.43 |b TAM |2 21 |
| 100 | 0 | |a Tamba-Mecz, Iréne |e author |9 494546 | |
| 245 | 1 | 3 | |a La semántica |
| 250 | |a 1a. ed | ||
| 300 | |a 160 p | ||
| 942 | |c BK | ||
| 945 | |d 20050805 00:00:00 |a jcarroza | ||
| 260 | |a Ciudad de México |b Fondo de Cultura Económica |c 2004 | ||
| 650 | 0 | |a Semántica |9 265318 | |
| 650 | 0 | |a Lingüística |9 265068 | |
| 583 | |a last modification |c 20050805 00:00:00 |k Rodrigo Vera | ||
| 490 | 0 | |a Breviarios del Fondo de Cultura Económica, 543 | |
| 999 | |c 314150 |d 314148 | ||
| 952 | |0 0 |1 0 |4 0 |6 401_430000000000000_TAM_2004 |7 0 |8 A |9 386103 |a FDOPOS |b FDOPOS |d 2019-11-22 |i 4152077 |o 401.43 TAM 2004 |p 4152077 |r 2025-01-22 |w 2019-11-22 |y BK |k MLA | ||